000 01360nam0a2200325 4500
001 RU\NLR\bibl\1796289
005 20250616144726.0
021 _aRU
_b2011-51132
_93651
035 _a(NLR Aleph) 001786973
090 _a1733202
_c1733202
100 _a20110808d2011 |||y0rusy50 ca
101 0 _arus
102 _aRU
105 _aa |||||||||
200 1 _aАлексей Георгиевич Зыкин
_fС.Д. Киру
_gРос. акад. с.-х. наук, Гос. науч. учреждение Всерос. науч.-исслед. центр им. Н.И. Вавилова Рос. акад. с.-х. наук (ГНУ ВИР Россельхозакад.)
210 _aСанкт-Петербург
_cКопи-Р
_cВИР
_d2011
215 _a25,[1] с.
_cил., факс.
_d21
225 1 _aСерия "Люди науки"
300 _aНа обл. авт. не указан
600 1 _aЗыкин
_bА.Г.
_f1931
_gАлексей Георгиевич
_92623321
_3RU\NLR\auth\661559881
686 _aП1д(2)Зыкин
700 1 _aКиру
_bС. Д.
_gСтепан Димитрович
_4070
702 1 _aЗыкин
_bА. Г.
_f1931-
_gАлексей Георгиевич
_4570
801 0 _aRU
_bNLR
_c20110808
_gRCR
801 1 _aRU
_bNLR
_c20110808
830 _aавт. по кн.
942 _cBOOK
980 _aNB
980 _aNBR